[Event "Oberliga Baden 0910"]
[Site "Germany"]
[Date "2010.04.11"]
[Round "9.5"]
[White "Saering, Patrick"]
[Black "Eisenbeiser, Karlheinz"]
[Result "1/2-1/2"]
[WhiteElo "2134"]
[BlackElo "2046"]
[PlyCount "137"]
[EventDate "2009.10.18"]
[EventType "team-tourn"]
[EventRounds "9"]
[EventCountry "GER"]
[SourceTitle "EXT 2011"]
[Source "ChessBase"]
[SourceDate "2010.11.26"]
[SourceVersion "1"]
[SourceVersionDate "2010.11.26"]
[SourceQuality "1"]
[WhiteTeam "Waldshut"]
[BlackTeam "Buchen"]
[WhiteTeamCountry "GER"]
[BlackTeamCountry "GER"]

1. d4 d6 2. Nf3 g6 3. c4 Bg7 4. Nc3 Nd7 5. g3 e6 6. Bg2 Ne7 7. 0-0 0-0 8. Qb3 Rb8 9. Rd1 b6 10. e4 Bb7 11. Qc2 a6 12. a4 a5 13. Nb5 h6 14. h4 Nc6 15. Be3 Nb4 16. Qc1 Kh7 17. Ne1 Nf6 18. f3 c6 19. Na3 Qe7 20. c5 bxc5 21. Nc4 cxd4 22. Bxd4 c5 23. Bf2 Rfd8 24. Nxa5 Ba8 25. e5 Nfd5 26. exd6 Qxd6 27. Nc4 Qc7 28. a5 Na6 29. Nd3 Ndb4 30. Nxb4 Rxd1+ 31. Qxd1 Rxb4 32. Qd3 Bd5 33. Nb6 c4 34. Nxd5 cxd3 35. Nxc7 Nxc7 36. Rd1 Bd4 37. Bxd4 Rxd4 38. Kf2 Rb4 39. Rd2 Na6 40. Ke3 Rb5 41. Kxd3 Rxa5 42. Bf1 Kg7 43. Kc4 Rc5+ 44. Kd4 Rd5+ 45. Kc3 Rc5+ 46. Bc4 Nc7 47. b4 Re5 48. Kd4 Re1 49. Kc5 Rg1 50. Rd7 Nd5 51. Bxd5 exd5 52. Rxd5 Rxg3 53. Rd3 g5 54. hxg5 hxg5 55. b5 g4 56. b6 Rxf3 57. b7 Rxd3 58. b8Q Rf3 59. Kd4 f5 60. Ke5 Kg6 61. Qg8+ Kh5 62. Kf6 Kh4 63. Qh8+ Kg3 64. Kg5 Kg2 65. Qe5 Rf2 66. Kh4 Rf3 67. Qd5 Kg1 68. Qd2 Kh1 69. Qe1+ 1/2-1/2

[Event "Oberliga Baden 0910"]
[Site "Germany"]
[Date "2009.11.15"]
[Round "2.4"]
[White "Trabert, Bettina"]
[Black "Saering, Patrick"]
[Result "1/2-1/2"]
[WhiteElo "2306"]
[BlackElo "2134"]
[PlyCount "125"]
[EventDate "2009.10.18"]
[EventType "team-tourn"]
[EventRounds "9"]
[EventCountry "GER"]
[SourceTitle "EXT 2011"]
[Source "ChessBase"]
[SourceDate "2010.11.26"]
[SourceVersion "1"]
[SourceVersionDate "2010.11.26"]
[SourceQuality "1"]
[WhiteTeam "Zaehringen"]
[BlackTeam "Waldshut"]
[WhiteTeamCountry "GER"]
[BlackTeamCountry "GER"]

1. e4 c5 2. Nf3 d6 3. d4 cxd4 4. Nxd4 Nf6 5. Nc3 g6 6. Be2 Bg7 7. Nb3 0-0 8. 0-0 Nc6 9. Re1 a6 10. Bf1 b5 11. a4 b4 12. Nd5 e6 13. Nxf6+ Bxf6 14. a5 Qe7 15. Ra2 Bg7 16. Be3 Bb7 17. Bb6 Rac8 18. f4 Nb8 19. Qd2 e5 20. fxe5 Bxe5 21. g3 Nd7 22. Bd4 h5 23. Qxb4 Rxc2 24. Qxb7 Rb8 25. Qxa6 Rxb3 26. Bxe5 Qxe5 27. Re2 Qd4+ 28. Kg2 Qxe4+ 29. Kg1 Qd4+ 30. Kg2 Qe4+ 31. Kg1 Qd4+ 32. Kg2 Nb8 33. Qa8 Rxe2+ 34. Bxe2 Qd2 35. Kf1 Qc1+ 36. Kf2 Qe3+ 37. Kf1 Qc1+ 38. Kf2 Qb1 39. Ra4 Qxb2 40. a6 Qc1 41. Qe4 Qc5+ 42. Qd4 Qf5+ 43. Kg2 Nc6 44. a7 Nxd4 45. a8Q+ Kg7 46. Rxd4 Re3 47. Qa2 Qe5 48. Rd2 h4 49. Qb2 Qxb2 50. Rxb2 hxg3 51. hxg3 Kf6 52. Rd2 Ke7 53. Bc4 f5 54. Kf2 Re5 55. Kf3 g5 56. Rd4 Ra5 57. Bd3 Ra3 58. Ke2 Ke6 59. Bc4+ Ke5 60. Rd3 Rxd3 61. Kxd3 d5 62. Bb3 g4 63. Bd1 1/2-1/2

[Event "Oberliga Baden 0708"]
[Site "Germany"]
[Date "2007.12.09"]
[Round "4.5"]
[White "Becht, Lucas"]
[Black "Saering, Patrick"]
[Result "1-0"]
[WhiteElo "2182"]
[BlackElo "2195"]
[PlyCount "69"]
[EventDate "2007.10.21"]
[EventType "team-tourn"]
[EventRounds "9"]
[EventCountry "GER"]
[SourceTitle "EXT 2009"]
[Source "ChessBase"]
[SourceDate "2008.11.26"]
[SourceVersion "1"]
[SourceVersionDate "2008.11.26"]
[SourceQuality "1"]
[WhiteTeam "Baden Oos II"]
[BlackTeam "Waldshut"]
[WhiteTeamCountry "GER"]
[BlackTeamCountry "GER"]

1. e4 c5 2. Nf3 d6 3. d4 cxd4 4. Nxd4 Nf6 5. Nc3 g6 6. f4 Nc6 7. Nb3 Bg7 8. Be2 0-0 9. Be3 Be6 10. g4 Na5 11. Bd4 Rc8 12. f5 Bc4 13. g5 Bxe2 14. Qxe2 Nh5 15. Bxg7 Kxg7 16. 0-0-0 Nxb3+ 17. axb3 Qa5 18. Kb1 Rc6 19. Rd5 Qc7 20. Rf1 e5 21. Rd3 Ra6 22. Nb5 Qa5 23. Na3 Nf4 24. Qf2 f6 25. gxf6+ Rxf6 26. Rf3 d5 27. exd5 Rxf5 28. Qe3 Qxd5 29. Nc4 Raf6 30. Qxa7 e4 31. Ne3 Qc6 32. Nxf5+ gxf5 33. Rxf4 Qb5 34. Qd4 Kf7 35. Qc4+ 1-0

[Event "Oberliga Baden 0708"]
[Site "Germany"]
[Date "2007.10.21"]
[Round "1.6"]
[White "Saering, Patrick"]
[Black "Vidonyak, Nellya"]
[Result "0-1"]
[WhiteElo "2195"]
[BlackElo "2229"]
[PlyCount "74"]
[EventDate "2007.10.21"]
[EventType "team-tourn"]
[EventRounds "9"]
[EventCountry "GER"]
[SourceTitle "EXT 2009"]
[Source "ChessBase"]
[SourceDate "2008.11.26"]
[SourceVersion "1"]
[SourceVersionDate "2008.11.26"]
[SourceQuality "1"]
[WhiteTeam "Waldshut"]
[BlackTeam "Hockenheim"]
[WhiteTeamCountry "GER"]
[BlackTeamCountry "GER"]

1. d4 d6 2. e4 Nf6 3. Nc3 e5 4. dxe5 dxe5 5. Qxd8+ Kxd8 6. Bg5 Be6 7. Nf3 Nbd7 8. Bh4 h6 9. 0-0-0 Bd6 10. Nb5 g5 11. Bg3 Nxe4 12. Bd3 Nxg3 13. hxg3 Ke7 14. Nd2 a6 15. Nc3 Bb4 16. Bc4 Bxc3 17. bxc3 f6 18. Bxe6 Kxe6 19. g4 Nc5 20. Rh3 Rh7 21. f3 Rah8 22. Rdh1 Kf7 23. Ne4 Nxe4 24. fxe4 Kg6 25. Rf3 Rd8 26. Rd3 Rxd3 27. cxd3 h5 28. Kc2 hxg4 29. Rxh7 Kxh7 30. Kb3 Kg6 31. Kc4 f5 32. exf5+ Kxf5 33. Kd5 g3 34. a4 Kf4 35. c4 Ke3 36. Kxe5 Kxd3 37. Kf5 Kxc4 0-1

[Event "Baden-ch"]
[Site "Oberwinden"]
[Date "2007.04.11"]
[Round "7"]
[White "Saering, Patrick"]
[Black "Gogollok, Carsten"]
[Result "1-0"]
[WhiteElo "2129"]
[BlackElo "2062"]
[PlyCount "106"]
[EventDate "2007.04.06"]
[EventType "swiss"]
[EventRounds "11"]
[EventCountry "GER"]
[SourceTitle "CBM 117 Extra"]
[Source "ChessBase"]
[SourceDate "2007.05.09"]
[SourceVersion "1"]
[SourceVersionDate "2007.05.09"]
[SourceQuality "1"]

1. e4 c5 2. Nf3 d6 3. d4 cxd4 4. Nxd4 Nf6 5. Nc3 g6 6. Be3 Bg7 7. f3 Nc6 8. Qd2 Bd7 9. 0-0-0 a6 10. h4 h5 11. Nd5 Nxd5 12. exd5 Ne5 13. Re1 Rc8 14. Bg5 0-0 15. g4 Nc4 16. Bxc4 Rxc4 17. Nb3 Re8 18. gxh5 Bf5 19. c3 gxh5 20. Rhg1 Kh7 21. Qg2 Qc8 22. Kd1 Ra4 23. Rxe7 Rxe7 24. Bxe7 Bg6 25. Bg5 Rxa2 26. Qd2 Qc4 27. Nc1 Ra5 28. Ke1 Rxd5 29. Qf4 Qc5 30. Rg2 Bxc3+ 31. bxc3 Qxc3+ 32. Kf2 Rd1 33. Kg3 Qe1+ 34. Kh3 Qh1+ 35. Kg3 Qe1+ 36. Kh3 Rd5 37. Kh2 Bf5 38. Ne2 b5 39. Ng3 Bg6 40. Ne4 Rd1 41. Qf6 Qh1+ 42. Kg3 Qe1+ 43. Kf4 Rd5 44. Nxd6 b4 45. Rc2 Rxd6 46. Qxd6 Bxc2 47. Qh6+ Kg8 48. Qxa6 b3 49. Qc8+ Kg7 50. Qc6 Qd2+ 51. Kg3 Qd4 52. Kg2 f6 53. Qc7+ Kg6 1-0

[Event "Oberliga Baden 0607"]
[Site "Germany"]
[Date "2007.04.01"]
[Round "8.7"]
[White "Saering, Patrick"]
[Black "Gruber, Thomas"]
[Result "1/2-1/2"]
[WhiteElo "2129"]
[BlackElo "2276"]
[PlyCount "152"]
[EventDate "2006.10.15"]
[EventType "team-tourn"]
[EventRounds "9"]
[EventCountry "GER"]
[SourceTitle "EXT 2008"]
[Source "ChessBase"]
[SourceDate "2007.11.25"]
[SourceVersion "1"]
[SourceVersionDate "2007.11.25"]
[SourceQuality "1"]
[WhiteTeam "Eppingen II"]
[BlackTeam "Waldshut"]
[WhiteTeamCountry "GER"]
[BlackTeamCountry "GER"]

1. d4 Nf6 2. Bg5 Ne4 3. Bf4 d6 4. f3 Nf6 5. e4 Nbd7 6. Nc3 e5 7. Be3 Be7 8. Nge2 c6 9. Qd2 0-0 10. Ng3 d5 11. 0-0-0 dxe4 12. Ngxe4 Qa5 13. Bc4 b5 14. Bb3 b4 15. Nxf6+ Nxf6 16. Ne4 Nxe4 17. fxe4 exd4 18. Bxd4 Bg4 19. Rdf1 Bg5 20. Be3 Rad8 21. Qf2 Qc5 22. Bxg5 Rd1+ 23. Rxd1 Qxf2 24. Rdf1 Qc5 25. Bd2 a5 26. Rf4 Be6 27. Rhf1 Bxb3 28. axb3 Qe7 29. Rg4 Kh8 30. Rf5 Ra8 31. Be3 Qe6 32. Bd4 f6 33. Rgf4 a4 34. Rxf6 gxf6 35. Rxf6 Qxf6 36. Bxf6+ Kg8 37. bxa4 Rxa4 38. b3 Ra8 39. Be7 Ra1+ 40. Kd2 Rg1 41. g3 Rg2+ 42. Kd3 Rxh2 43. Bxb4 Kf7 44. Bd6 Ke6 45. Bf4 h5 46. b4 Rf2 47. c3 Rf3+ 48. Kd2 h4 49. Ke2 Rxc3 50. gxh4 Rc4 51. Kd3 Rxb4 52. h5 Rb5 53. h6 Rh5 54. Bc1 Kd6 55. Ba3+ c5 56. Bc1 Kc6 57. Kc4 Rh4 58. Kd3 Kb5 59. Be3 Rh5 60. Bf4 Rh3+ 61. Be3 Kc6 62. Ke2 c4 63. Kd2 Kd6 64. Bd4 Kc6 65. Bg7 Kc5 66. Kc2 Kd6 67. Kd2 Kc6 68. Kc2 Kc5 69. Kb2 Kd6 70. Kc2 Ke6 71. Kd2 Kf7 72. Kc2 Kg6 73. Kd2 Kg5 74. Kc2 Kf4 75. e5 Kf5 76. Kd2 Ke6 1/2-1/2

[Event "Zuerich op-B 30th"]
[Site "Zuerich"]
[Date "2006.12.26"]
[Round "7"]
[White "Saering, Patrick"]
[Black "Huber, Silvan"]
[Result "1-0"]
[WhiteElo "1951"]
[BlackElo "1840"]
[PlyCount "85"]
[EventDate "2006.12.26"]
[EventType "swiss"]
[EventRounds "7"]
[EventCountry "SUI"]
[SourceTitle "CBM 116 Extra"]
[Source "ChessBase"]
[SourceDate "2007.03.07"]
[SourceVersion "1"]
[SourceVersionDate "2007.03.07"]
[SourceQuality "1"]

1. d4 Nf6 2. Bg5 d5 3. e3 Bf5 4. c4 c6 5. Nc3 e6 6. Nf3 Be7 7. Be2 dxc4 8. Bxc4 0-0 9. Qb3 Qb6 10. e4 Qxb3 11. Bxb3 Bg4 12. e5 Bxf3 13. gxf3 Nd5 14. Nxd5 Bxg5 15. Nc7 Na6 16. Nxa8 Rxa8 17. Rg1 Bf4 18. Rg4 g5 19. h4 h6 20. Ke2 Rd8 21. Rd1 Nc7 22. Bc4 Kf8 23. hxg5 hxg5 24. Rgg1 Ke7 25. Rh1 Nb5 26. Bxb5 cxb5 27. Rd3 b4 28. Rb1 Rc8 29. Kd1 Rc4 30. a3 b3 31. Ke2 b6 32. Ke1 a5 33. Rxb3 Rxd4 34. Rxb6 Bxe5 35. Rb5 Rd5 36. Rxd5 exd5 37. Ke2 Kd6 38. b4 axb4 39. Rxb4 Kc5 40. Rb7 f6 41. Kd3 Bd4 42. Rc7+ Kb6 43. Kxd4 1-0

[Event "Oberliga Baden 0607"]
[Site "Germany"]
[Date "2006.10.15"]
[Round "1.8"]
[White "Farmani Anosheh, Yasha"]
[Black "Saering, Patrick"]
[Result "0-1"]
[WhiteElo "1992"]
[BlackElo "2129"]
[PlyCount "70"]
[EventDate "2006.10.15"]
[EventType "team-tourn"]
[EventRounds "9"]
[EventCountry "GER"]
[SourceTitle "CBM 115 Extra"]
[Source "ChessBase"]
[SourceDate "2007.01.10"]
[SourceVersion "1"]
[SourceVersionDate "2007.01.10"]
[SourceQuality "1"]
[WhiteTeam "Ladenburg"]
[BlackTeam "Waldshut"]
[WhiteTeamCountry "GER"]
[BlackTeamCountry "GER"]

1. e4 c5 2. Nf3 d6 3. d3 Nc6 4. Nbd2 g6 5. g3 Bg7 6. Bg2 Nf6 7. 0-0 0-0 8. h3 Rb8 9. c3 Ne8 10. Re1 b5 11. Nf1 b4 12. d4 Nc7 13. Be3 Nb5 14. Qd2 bxc3 15. bxc3 Qa5 16. Rac1 cxd4 17. cxd4 Qxd2 18. N1xd2 Nbxd4 19. Nxd4 Nxd4 20. Rc4 Ne6 21. Ra4 a6 22. Nb3 Nc7 23. Rc1 Nb5 24. Na5 Nc3 25. Nc6 Rb7 26. Rxc3 Bxc3 27. Rc4 Bg7 28. e5 dxe5 29. Nb4 Rd7 30. Bc6 Rd1+ 31. Kg2 a5 32. Nd5 e6 33. Ne7+ Kh8 34. Ba4 Bb7+ 35. Kh2 Rh1# 0-1